Представление документа в формате RUSMARC

ПолеНазваниеЗначение
  Тип записи a
  Библиографический уровень m
001 Контрольный номер 3683da1da1cc4d6b9ebb928621a6914f
005 Дата корректировки 20170608152411.8
010 Индекс ISBN __
a ISBN 978-5-406-04318-9
101 Язык документа 0_
a Язык текста rus
102 Страна публикации __
a Страна публикации RU
200 Заглавие и сведения об ответственности 1_
a Заглавие Экономика организации (предприятия)
b Общее обозначение материала Текст
e Сведения, относящиеся к заглавию учебник
205 Сведения об издании __
a Основные сведения об издании 9-е изд., перераб.
210 Выходные данные 1_
a Место издания М.
c Издательство КНОРУС
d Дата издания 2015
215 Физическое описание __
a Объем 408 с.
225 Серия 2_
a Серия Среднее профессиональное образование
330 Аннотация __
a Аннотация Рекомендован ГОУ ВПО "Государственный университет управления" и ведущей кафедрой РУК в качестве учебника для студентов спо. Изложены основные вопросы, связанные с деятельностью организации в условиях рынка.
606 Тематические рубрики __
a Основная рубрика Экономика. Экономическая наука
610 Ключевые слова 0_
a Ключевые слова логистика
a Ключевые слова основной капитал
a Ключевые слова капитальные вложения
a Ключевые слова нематериальные активы
a Ключевые слова трудовые ресурсы
a Ключевые слова рентабельность
a Ключевые слова планирование
a Ключевые слова показатели эффективности
686 Индексы других классификаций __
a Классификационный индекс 65.291
700 Автор _1
a Фамилия Грибов
b Имя В. Д.
701 Альтернативная интеллектуальная ответственность _1
a Фамилия Грузинов
b Имя В. П.
701 Альтернативная интеллектуальная ответственность _1
a Фамилия Кузьменко
b Имя В. А.
801 Источник записи _0
a Страна RU
b Организация РУК
c Дата составления 20150618
g Правила каталогизации PSBO
801 Источник записи _1
a Страна RU
b Организация РУК
c Дата составления 20150618
g Правила каталогизации PSBO
852 Данные о местонахождении __
i Авторский знак Г 82
j Шифр хранения 65.291
901 Тип документа __
t Тип документа m
937 Технологическая информация __
a Создатель записи (имя) Фомина
938 Служебная информация __
a Название организации Волгоградский филиал